Problémy spojené s používaním položky FOB v súčasnej obchodnej a prepravnej praxi

Gespeichert in:
Bibliographische Detailangaben
1. Verfasser: Valachovičová, Viktória
Format: Buchkapitel
Sprache:Slowakisch
Tags: Tag hinzufügen
Keine Tags, Fügen Sie das erste Tag hinzu!

MARC

LEADER 00000nla$a2200000$$$4500
001 0117214
005 20240502072317.7
041 0 |a slo 
044 |a SK 
245 1 0 |a Problémy spojené s používaním položky FOB v súčasnej obchodnej a prepravnej praxi  |c Viktória Valachovičová 
100 1 |a Valachovičová, Viktória